00907cam a2200253 a 4500001001000000003000900010005001700019008004100036040003000077049000900107082001900116100003600135245004400171260010200215300002000317490002500337650003400362650003500396830003400431910003400465942001400499952012300513999001700636000018157DO-SdBNP20220606115859.0761229s1969 es 000 p spa d aDO-SdBNPbspacDLCdBNPHU aBNGR aS861.44bB675e1 aBogrand, Ricardo,d1930-93934513aLa espuma nace sola /cRicardo Bogrand. aSan Salvador, El Salvador :bDirección General de Cultura del Ministerio de Educación,c1969. a40 p. ;c20 cm.1 aCaballito de marv26 4aPoesía salvadoreña912306 4aLiteratura salvadoreña92929 0aCaballito de mar ;v26939346 aCatalogación por copia / LC 2ddccLBS1 001054708MOaGRbGRcCTd2010-04-16iLF1l0oS861.44 B675ep18157-10r2020-06-25w2020-06-25y4ZPréstamo en sala c17678d17678